00733 a2200193 4500010001400000020002300014035001300037037001800050082001300068090001500081100003200096245005900128260004400187270010900231300002300340942002800363999001500391952013300406 aENG-85398 c250.00a8176580279 aEN-68931 bD.B.Act / Pub14a152.4954 c2212d2212 aManral, Harsh Vardhan Singh1 aThe rustic humour of IndiacHarsh Vardhan Singh Manral aNew DelhibUppal Publishing Housec2005 a3, Ansari Road, Darya Ganj,bNew DelhicDelhie110002k23273756, 23286571l23286571muppalbooks@vsnl.net a125 pc21 cm (Pbk) adplcENk152.4954 / MAN c2172d2172 00102ddc40718NFICaDBADbDBADeDBAD/PUBg250.00l0o152.4954pEN-68931r2008-09-15 00:00:00t1u2304v250.00w2008-09-15yEN